ਇਕ ਵਿਲੱਖਨ ॥ਸੀਅਤ ਪ੍ਰਧਾਨ ਮੰਤਰੀ ਡਾ ਮਨਮੋਹਨ ਸਿੰਘ (Record no. 1026050)

MARC details
000 -LEADER
fixed length control field 00977nam a2200241Ia 4500
003 - CONTROL NUMBER IDENTIFIER
control field OSt
005 - DATE AND TIME OF LATEST TRANSACTION
control field 20221005112817.0
008 - FIXED-LENGTH DATA ELEMENTS--GENERAL INFORMATION
fixed length control field 221004b |||||||| |||| 00| 0 pan d
020 ## - INTERNATIONAL STANDARD BOOK NUMBER
International Standard Book Number 8182990408 (hbk)
037 ## - SOURCE OF ACQUISITION
Terms of availability Textual
040 ## - CATALOGING SOURCE
Original cataloging agency CRL
Transcribing agency CRL
Language of cataloging pan
041 ## - LANGUAGE CODE
Source of code pan
Language code of text/sound track or separate title pan
100 ## - MAIN ENTRY--PERSONAL NAME
Personal name ਬੀਰ, ਬੀ ਐਮl ਸੇਠੀ, ਸੁਰਿੰਦਰ ਬੀਰ ਸਿੰਘ
9 (RLIN) 624414
245 #0 - TITLE STATEMENT
Title ਇਕ ਵਿਲੱਖਨ ॥ਸੀਅਤ ਪ੍ਰਧਾਨ ਮੰਤਰੀ ਡਾ ਮਨਮੋਹਨ ਸਿੰਘ
260 ## - PUBLICATION, DISTRIBUTION, ETC.
Place of publication, distribution, etc. ਦਿੱਲੀ
Name of publisher, distributor, etc. ਆਰਸੀ ਭਾਰਤ
Date of publication, distribution, etc. 2004
300 ## - PHYSICAL DESCRIPTION
Extent 188ਪੰ
Dimensions cm.
942 ## - ADDED ENTRY ELEMENTS (KOHA)
Classification part V2,21y7N32, 153P4
Koha item type Textual
Source of classification or shelving scheme
Holdings
Withdrawn status Lost status Damaged status Not for loan Home library Current library Date acquired Source of acquisition Cost, normal purchase price Total Checkouts Full call number Barcode Date last seen Cost, replacement price Price effective from Koha item type
        Central Library Central Library 2022-10-05 72870, 31/12/2008, Arsee Publishers 225.00   V2,21y7N32 153P4 CL1448631 2022-10-05 225.00 2022-10-05 Textual
Copyright @ Delhi University Library System